Đội biệt động Thị xã Thủ Dầu Một: XưÌng danh anh huÌ€ng
Saved in:
| Main Author: | |
|---|---|
| Format: | Book |
| Language: | Undetermined |
| Subjects: | |
| Online Access: | http://lrc.tdmu.edu.vn/opac/search/detail.asp?aID=2&ID=23638 |
| Tags: |
Add Tag
No Tags, Be the first to tag this record!
|
| Institutions: | Trung tâm Học liệu Trường Đại học Thủ Dầu Một |
|---|
| LEADER | 00848nam a2200145Ia 4500 | ||
|---|---|---|---|
| 001 | TDMU_23638 | ||
| 008 | 210410s9999 xx 000 0 und d | ||
| 082 | |a 959.704 | ||
| 100 | |a Kim Hà | ||
| 245 | 0 | |a Đội biệt động Thị xã Thủ Dầu Một: XưÌng danh anh huÌ€ng | |
| 245 | 0 | |c Kim Hà | |
| 300 | |a 3tr | ||
| 650 | |a ĐôÌ£i BiêÌ£t đôÌ£ng thị xã Thủ Dầu Một ; Danh hiêÌ£u Anh huÌ€ng lưÌ£c lươÌ£ng vũ trang nhân dân; KhaÌng chiêÌn chôÌng Mỹ ; Ông Nguyễn Văn QuyÌ€ (Tư QuyÌ€ - nguyên ĐôÌ£i trưởng ĐôÌ£i BiêÌ£t đôÌ£ng TX.TDM); Lịch sử | ||
| 856 | |u http://lrc.tdmu.edu.vn/opac/search/detail.asp?aID=2&ID=23638 | ||
| 980 | |a Trung tâm Học liệu Trường Đại học Thủ Dầu Một | ||